000 00401nam a2200145Ia 4500
003 LK-CoDNM
008 010623t1906 xxu||||| |||| 00| 1 eng d
040 _aLK-CoDNM
_dLK-CoDNM
_eLK-CoDNM
041 _aeng
080 _a50
_bC18
245 _aThe journal of the Ceylon branch of the British Medical Association
260 _bMessenger Press
_aBorella
_c1906
300 _b54P,4ill., 23 cm
942 _cBK
999 _c86270
_d86270